Statistics for The USA Quiz - G

Click here to take the quiz!

General Stats

  • This quiz has been taken 247 times
    (226 since last reset)
  • The average score is 12 of 22

Answer Stats

Answer% Correct
US States beginning with GGeorgia
99%
Once just a search engineGoogle
93%
18th PresidentUlysses S {Grant}
91%
NFLNew York {Giants}
89%
Music AwardGrammy
87%
Orange-red San Francisco iconGolden Gate Bridge
74%
Uses satellites to find your locationGPS
74%
Microsoft co-founder turned philanthropistBill Gates
71%
Eroded by the Colorado river, ArizonaGrand Canyon
71%
They can't stop recalling their carsGeneral Motors
70%
20th PresidentJames A {Garfield}
67%
Actress from Color PurpleWhoopi Goldberg
48%
Co founded by Thomas EdisonGeneral Electric
47%
NBAMemphis {Grizzlies}
47%
NYC Mayor during 9/11Rudolph W. Giuliani
43%
An Inconvenient TruthAl Gore
40%
Busiest road bridge in the WorldGeorge Washington Bridge
30%
Largest Cities beginning with GGreensboro
29%
Protects people from air pollutantsGas Mask
27%
Largest Cities beginning with GGarland
17%
Largest Cities beginning with GGlendale
16%
Coat of armsGreat Seal
7%

Score Distribution

Percentile by Number Answered

Percent of People with Each Score

Your Score History

You have not taken this quiz since the last reset